| 000 -LEADER |
| fixed length control field |
00401nam a22001337a 4500 |
| 008 - FIXED-LENGTH DATA ELEMENTS--GENERAL INFORMATION |
| fixed length control field |
201003b ||||| |||| 00| 0 eng d |
| 100 ## - MAIN ENTRY--PERSONAL NAME |
| Personal name |
Raja, D. |
| 245 ## - TITLE STATEMENT |
| Title |
Oppose the recent SC judgment on reservation |
| 260 ## - PUBLICATION, DISTRIBUTION, ETC. (IMPRINT) |
| Place of publication, distribution, etc |
Mainstream |
| 300 ## - PHYSICAL DESCRIPTION |
| Extent |
58(10), 22 Feb,2020: p. 30-31 |
| 650 ## - SUBJECT ADDED ENTRY--TOPICAL TERM |
| Topical term or geographic name as entry element |
Reservation, Employment |
| 9 (RLIN) |
18186 |
| 906 ## - LOCAL DATA ELEMENT F, LDF (RLIN) |
| Subject DIP |
SCHEDULED CASTES AND SCHEDULED TRIBES |
| 942 ## - ADDED ENTRY ELEMENTS (KOHA) |
| Item type |
Articles |